LEADER 03571nam 22006732 450 001 9910965109403321 005 20151005020622.0 010 $a1-107-46192-8 010 $a1-139-89358-0 010 $a1-107-45975-3 010 $a1-107-47257-1 010 $a1-107-46542-7 010 $a1-107-46896-5 010 $a1-107-33748-8 035 $a(CKB)2670000000485238 035 $a(EBL)1543588 035 $a(SSID)ssj0001036392 035 $a(PQKBManifestationID)12461500 035 $a(PQKBTitleCode)TC0001036392 035 $a(PQKBWorkID)11041864 035 $a(PQKB)10863311 035 $a(UkCbUP)CR9781107337480 035 $a(MiAaPQ)EBC1543588 035 $a(Au-PeEL)EBL1543588 035 $a(CaPaEBR)ebr10795377 035 $a(OCoLC)862077642 035 $a(EXLCZ)992670000000485238 100 $a20130206d2013|||| uy| 0 101 0 $aeng 135 $aur||||||||||| 181 $ctxt$2rdacontent 182 $cc$2rdamedia 183 $acr$2rdacarrier 200 10$aArchaic style in English literature, 1590-1674 /$fLucy Munro 205 $a1st ed. 210 1$aCambridge :$cCambridge University Press,$d2013. 215 $a1 online resource (xii, 308 pages) $cdigital, PDF file(s) 300 $aTitle from publisher's bibliographic system (viewed on 05 Oct 2015). 311 08$a1-107-64984-6 311 08$a1-107-04279-8 320 $aIncludes bibliographical references and index. 327 $aPreface -- Abbreviations -- Introduction : conceptualising archaism -- Within our own memory : old English and the early modern poet -- Chaucer, Gower, and the anxiety of obsolescence -- Archaic style in religious writing: immutability, controversy, prophecy -- Staging generations: archaism and the theatrical past -- Shepherds' speech : archaism and early Stuart pastoral drama -- Archaism and the 'English' epic -- Coda : looking backward, looking forward. 330 $aRanging from the works of Shakespeare, Spenser, Jonson and Milton to those of Robert Southwell and Anna Trapnel, this groundbreaking study explores the conscious use of archaic style by the poets and dramatists between 1590 and 1674. It focuses on the wide-ranging, complex and self-conscious uses of archaic linguistic and poetic style, analysing the uses to which writers put literary style in order to re-embody and reshape the past. Munro brings together scholarly conversations on temporality, memory and historiography, on the relationships between medieval and early modern literary cultures, on the workings of dramatic and poetic style, and on national history and identity. Neither pure anachronism nor pure nostalgia, the attempts of writers to reconstruct outmoded styles within their own works reveal a largely untold story about the workings of literary influence and tradition, the interactions between past and present, and the uncertain contours of English nationhood. 606 $aEnglish literature$yEarly modern, 1500-1700$xHistory and criticism 606 $aEnglish language$yEarly modern, 1500-1700$xStyle 606 $aEnglish language$xArchaisms 606 $aEnglish language$xStyle 615 0$aEnglish literature$xHistory and criticism. 615 0$aEnglish language$xStyle. 615 0$aEnglish language$xArchaisms. 615 0$aEnglish language$xStyle. 676 $a820.9/003 700 $aMunro$b Lucy$01844226 801 0$bUkCbUP 801 1$bUkCbUP 906 $aBOOK 912 $a9910965109403321 996 $aArchaic style in English literature, 1590-1674$94426523 997 $aUNINA LEADER 04175nam 22006255 450 001 9910735777003321 005 20251202141407.0 010 $a3-658-41044-2 024 7 $a10.1007/978-3-658-41044-5 035 $a(MiAaPQ)EBC30663092 035 $a(Au-PeEL)EBL30663092 035 $a(DE-He213)978-3-658-41044-5 035 $a(PPN)272255815 035 $a(CKB)27857097100041 035 $a(EXLCZ)9927857097100041 100 $a20230724d2023 u| 0 101 0 $aeng 135 $aurcnu|||||||| 181 $ctxt$2rdacontent 182 $cc$2rdamedia 183 $acr$2rdacarrier 200 10$aPlanning and Reporting in BI-supported Controlling $eFundamentals, Business Intelligence, Mobile BI, Big Data Analytics and AI /$fby Dietmar Schön 205 $a1st ed. 2023. 210 1$aWiesbaden :$cSpringer Fachmedien Wiesbaden :$cImprint: Springer,$d2023. 215 $a1 online resource (629 pages) 311 08$aPrint version: Schön, Dietmar Planning and Reporting in BI-Supported Controlling Wiesbaden : Springer Fachmedien Wiesbaden GmbH,c2023 9783658410438 327 $aIntroduction -- Basics -- Technical content -- Organization and processes -- IT support -- Summary and outlook. 330 $aPlanning and reporting solutions in many companies still suffer from poor data quality, are insufficiently integrated and are often time and cost intensive. Step by step, this practice-oriented book shows how things can be done differently. It systematically shows how modern planning and reporting systems in BI-supported controlling can be set up with the use of data warehouse and big data technology and usefully supplemented with AI-supported features. For the 4th edition, the book has been comprehensively updated. The extensive controlling cockpit example has been expanded. It now contains suggestions for the areas of corporate management (operational and strategic controlling), sales, production, purchasing and project management. In addition, the latest developments in BI-supported controlling with the support of traditional and explorative BI are highlighted, including data mining, predictive analytics, artificial intelligence, RPA, chatbots, data discovery, data visualization, app technology, self-service BI and cloud computing. Further innovations concern the topics of data quality and data modeling. The final chapter is "Mobile BI", which deals with the expansion of powerful mobile analysis and planning solutions with the help of tablets, mobile phones and other mobile devices. The content Basics of planning and reporting Proposals for management-specific and content-related design Organization and processes IT Implementation: Data Warehouse, Business Intelligence, Big Data, AI, RPA, Chatbots, Data Mining, Predictive Analytics, Data Discovery, Data Visualization, App Technology, Self-Service BI, Cloud Computing, Mobile BI The author Dietmar Schön is a professor at the University of Applied Sciences Dortmund with a focus on controlling and business intelligence. Due to his many years of corporate and consulting work, he has extensive experience from numerous planning andreporting projects. The translation was done with the help of artificial intelligence. A subsequent human revision was done primarily in terms of content. 606 $aAccounting 606 $aFinancial statements 606 $aManagement 606 $aQuantitative research 606 $aAccounting 606 $aFinancial Reporting 606 $aFinancial Accounting 606 $aManagement 606 $aData Analysis and Big Data 615 0$aAccounting. 615 0$aFinancial statements. 615 0$aManagement. 615 0$aQuantitative research. 615 14$aAccounting. 615 24$aFinancial Reporting. 615 24$aFinancial Accounting. 615 24$aManagement. 615 24$aData Analysis and Big Data. 676 $a658.4038028553 700 $aScho?n$b Dietmar$01174907 801 0$bMiAaPQ 801 1$bMiAaPQ 801 2$bMiAaPQ 906 $aBOOK 912 $a9910735777003321 996 $aPlanning and Reporting in BI-Supported Controlling$93417131 997 $aUNINA